000 00897nam a2200301 i 4500
001 000009253
003 DO-SdBNP
005 20241009100000.0
007 ta
008 090929s1974 dr a 000 m spa d
040 _aDO-SdBNP
_bspa
_cBNPHU
_erda
049 _aBNPD
082 4 _aRD860.44
_bA282l
_222
100 1 _aAguiar, Enrique,
_d1939-
_923957
_eautor
245 1 0 _aLogos castellano /
_cEnrique Aguiar.
260 _aSanto Domingo
_fAmigo del Hogar
_c1974.
264 _aSanto Domingo :
_bAmigo del Hogar,
_c1974.
300 _a166 p. :
_bil. ;
_c22 cm.
500 _aIncluye datos biográficos del autor.
650 0 _aLiteratura dominicana.
_967
650 0 _aPoesía dominicana
_966
650 0 _aNovela dominicana
_9223
650 0 _aCuentos dominicanos
_9176
650 4 _aAnálisis gramatical
_923958
650 0 _aComunicación
_9378
910 _aBtavárez
942 _2ddc
_cLBS1
999 _c9015
_d9015